MDQL
is popping MORE tags! Check the
thread
!
Quizzes
Events
Quiz Creation
Community
Videos
Private Events
Remove Ads
Sign In
Join for FREE
Feedback
Dark Mode
Quiz Categories
Sports
Geography
Music
Movies
Television
Just For Fun
Miscellaneous
History
Literature
Language
Science
Gaming
Entertainment
Religion
Holiday
For Kids
Quiz Lab
Recent
Popular Today
Quiz Kudos Today
Editor Picks
Curator Picks
Quizzes by...
Day
Popularity
Type
Ratings
Length
Year
Community
Subscriptions
Recent Discussions
Orange Saloon
Badges
Playlists
Quests
Create
Leaderboards
Showdown
Live 5
Trivia Bingo
Activity
Puzzle Library
Sporcle Events
Private Events
Virtual Trivia
Globe League
Become a Host
Pub Owners
SporcleCon
Opinionation
Our Games
Videos
Blog
Mobile Apps
Partnerships
Remove Ads and Go Orange
Feedback
Music
Pop Music
The Beatles
Song
Album
Lyrics
Bands
Singers
Artist
Clip
Rock
Rap
Classical
Billboard
Country Music
Kpop
Taylor Swift
Music
Pop Music
The Beatles
Song
Album
Lyrics
Bands
Singers
Artist
Clip
Rock
Rap
Classical
Billboard
Country Music
Kpop
Taylor Swift
Random Quiz
Search Sporcle
×
Curator Pick
Curator Pick
Music
Classical
Select answers by clicking on text or image buttons
Select answers by clicking on text or image buttons
Clickable
Best Score? Go Orange.
Clickable Opera Composers Stats
Can you pick the composers of the given operas?
By
Trazom
8m
45 Questions
1,485 Plays
1,485 Plays
1,485 Plays
Comments
Comments
Give Quiz Kudos
Give Quiz Kudos
-
- Ratings
hide this ad
Forced Order
Answers have to be entered in order
Answers have to be entered in order
Replay
Link that replays current quiz
Next Quiz
Link to next quiz in quiz playlist
You Got
0%
They Got
Avg Score
66%
Avg Friend Score
Upgrade to see
Score Distribution
Jump to the score distribution portion of the page
Score
0/45
Timer
08:00
0
Plays Today
% Correct
Bizet
88.9%
Mozart
87.5%
Gershwin
86.7%
Beethoven
85%
Wagner
85%
Verdi
84.4%
Puccini
84.3%
Britten
79.7%
Offenbach
78.5%
Tchaikovsky
77.8%
Strauss
76.8%
Donizetti
75.4%
Gounod
75.2%
Bellini
74.7%
Humperdinck
74.7%
Adams
71.9%
Weill
71%
Purcell
71%
Leoncavallo
70.6%
Mussorgsky
70.1%
Berg
69.6%
Smetana
69.6%
Mascagni
69.1%
% Correct
Rossini
68.6%
Gluck
66.1%
Debussy
66.1%
Stravinsky
66%
Berlioz
65.5%
Prokofiev
64.4%
Saint-Saëns
63.8%
Monteverdi
63.2%
Janáček
60%
Glinka
57%
Poulenc
55.8%
Massenet
53.9%
Meyerbeer
50.9%
Handel
50.6%
Glass
49.9%
Schoenberg
48.8%
Barber
47.6%
Messiaen
43.4%
Floyd
39.7%
Heggie
39%
Corigliano
38.9%
Thomson
36.3%
Quiz Playlist
Details
Report
Send in Message
Add To Playlist
Clickable:
Select answers by clicking on text or image buttons
Forced Order:
Answers have to be entered in order
Last Updated: Feb 16, 2017
Curator Pick in
Classical
Quiz Scoreboard
CHALLENGE
Sign Up to Join the Scoreboard
Show All
Scores
Hide
Comments
May contain spoilers
Recently Published
Image Sorting: Flags VI
by Barbecue
Geography
2m
Find the 'City' Movie
by crazypaving
Movies
60s
Colored Red Africa Blitz
by spor1
Geography
45s
More to Explore
Quiz From the Vault
Featured Blog Post
14 Easter Pick-up Lines to Find Eggs With
hide this ad
You Might Also Like...
Tags
Classical Quiz
Clickable Quiz
Opera
Opera Composers
Today's Top Quizzes in Music
Browse Music
hide this ad
Today's Top Quizzes in Classical
Browse Classical
Top Contributed Quizzes in Music
1
5X2 Blitz: Bands II
2
5X2 Blitz: The Beatles
3
Taylor Swift All Songs (2024)
4
5X2 Blitz: Billboard
5
5X2 Blitz: Billboard II
6
5X2 Blitz: Album
7
5X2 Blitz: Rock
8
5X2 Blitz: Singers
9
Taylor Swift Logic Puzzle II
10
5X2 Blitz: Lyrics
Explore More
Trending Topics
Harry Potter
Disney
Anime
NBA
Marvel
Kpop
Crossword
WWE
Pokémon
Soccer
Puzzle
The Office
NFL
Country
Song
hide this ad
More By:
Trazom
Quiz
Plays
Rating
Category
Featured
Created
US Daily Newspapers
25,073
4.57
Miscellaneous
Mar 30, 2012
Clickable Opera Composers
1,485
5.00
Music
Mar 29, 2012
Opera Composers A-Z
1,182
4.80
Music
May 6, 2011
Classical Composer Lifespans (clickable matchup)
877
5.00
Music
Dec 30, 2012
Opera Titles A-Z
700
4.50
Music
Sep 16, 2011
Go to Creator's Profile
Score Distribution
Quiz Creator Spotlight
Trazom
Follow
Send a Message
Quizzes Created
-
Created Quiz Play Count
-
More By This Creator
Popular Quizzes Today
1
Colored Red Africa Blitz
2
Find the US States - No Outlines Minefield
3
Find the 'City' Movie
4
5x2 Blitz: Bands
5
The Countries of the World
6
Find the US States
7
Find the Countries of Europe - No Outlines Minefield
8
US States
More Music Quizzes
Harry Styles Opposite Songs
Quiz Lab
Trending Quizzes
Colored Red Europe Blitz I
Colored Red Europe Blitz II
Colored Red Africa Blitz II
Colored Red Europe Blitz III
Colored Red Africa Blitz III
Recently Updated
How Do You Spell That?
pecheneg
Godzilla Movies
pecheneg
Grab Bag: 4-10 Letters
pecheneg
2024 March Madness Bracket
pecheneg
Famous TV Couples
Peacemaker
Champions League XIs: Real Madrid
pecheneg
Largest US Cities 1790-2010
pecheneg
Rides in Walt Disney World
pecheneg
Most Oscar Losses (Acting)
pecheneg
Beyoncé Albums
pecheneg
Trending Topics
Kpop
Harry Potter
Crossword
Anime
Disney
Marvel
NBA
Puzzle
Country
Song
Pokémon
The Office
Soccer
WWE
NFL
Your Account Isn't Verified!
In order to create a playlist on Sporcle, you need to verify the email address you used during registration. Go to your
Sporcle Settings
to finish the process.
Report this User
Report this user for behavior that violates our
Community Guidelines
.
Details:
Send Report
Go to the Sporcle.com Mobile Site →
Comments